000 00584nam a2200181Ia 4500
005 20250423095514.0
008 250422s9999 xx 000 0 und d
020 _a0131946358
050 _aPE 1128 .B5865/
100 _aBlanchard, Karen
245 0 _aGet ready to write: a beginning writing text
260 _aNew york
260 _bPearson Education Inc.
260 _c2006
300 _a124 p
650 _a English language --Textbooks for foreign speakers. English language --Rhetoric --Problems, exercises, etc. Report writing --Problems, exercises, etc.
942 _cBK
999 _c30476
_d30476